Normal view
MARC view
Entry Personal Name
001 - CONTROL NUMBER
- control field: 3503
003 - CONTROL NUMBER IDENTIFIER
- control field: ARRUPE
005 - DATE AND TIME OF LATEST TRANSACTION
- control field: 20131107173441.0
008 - FIXED-LENGTH DATA ELEMENTS
- fixed length control field: 131107|| aca||aabn | a|a d
040 ## - CATALOGING SOURCE
- Original cataloging agency: ARRUPE
- Transcribing agency: ARRUPE
100 ## - HEADING--PERSONAL NAME
- Personal name: Garnett, Constance,
- Dates associated with a name: 1861-1946.
670 ## - SOURCE DATA FOUND
- Source citation: Work cat.: (ARRUPE)0: Chekhov, Anton Pavlovich, 1860-1904. 3502, The bishop and other stories, 1919.